Histoire du Québec et du Canada - Période 7 - Statistiques

Statistiques générales
  • Ce quiz a été pris 16 fois
  • Le résultat moyen est 6 sur 27
Statistiques - réponses
Hint Réponse % Correct
Durant la guerre froide, qui est la puissance dominante du bloc de l'Est? URSS
69%
Comment appelle‑t‑on la période de forte natalité au Québec entre 1945 et 1960? Baby-boom
54%
Quel président français prononce “Vive le Québec libre” en 1967? Charles de Gaulle
54%
En quelle année le fleurdelisé devient-il le drapeau officiel du Québec? 1948
46%
Dans la rançon du FLQ en 1970, vers quel pays exige‑t‑on l’exil? Cuba
38%
Qui mène la lutte non violente contre la ségrégation raciale aux États‑Unis? Martin Luther King
38%
En quelle année Duplessis fut-il réelu? 1944
31%
En quelle année a lieu la grève de l’amiante à Asbestos? 1949
31%
Quel est le nom du diplomate britannique kidnappé en 1970 par le Front de Libération du Québec? James Richard Cross
31%
Quelle loi de 1937 permet à Duplessis de fermer des locaux jugés subversifs? Loi du Cadenas
31%
Durant la guerre froide, qui est la puissance dominante du bloc de l'Ouest? États-Unis
23%
Quelle loi Pierre-Elliott Trudeau déclare-t-il pendant la crise d'Octobre en 1970? Loi sur les mesures de guerre
23%
Comment se nomme le type d'habitation présentes dans les banlieues pendant leur développement? Bungalows
15%
Comment se nomme la langue parlée plus utilisée par les classes populaires? Joual
15%
Quel est le nom donné à l'exposition universelle de 1967 à Montréal? Terre des hommes
15%
En quelle année le manifeste du Refus Global fut-il publié 1948
8%
Comment appelle‑t‑on la période de conservatisme au Québec sous Duplessis? Grande Noirceur
8%
Qui fut la premère femme élue députée (PLQ) en 1962? Marie-Claire Kirkland-Casgrain
8%
Quel est le nom de la nouvelle vision du nationalisme axée sur la nation québécoise plus moderne, urbaine et industrialisée? Néonationalisme
8%
Quelle réforme des années 1960 modernise le système d’éducation québécois? Réforme Parent
8%
Comment appelle‑t‑on les travailleurs qui remplacent les grévistes? SCABS
8%
Comment l'appartenance politique du Labrador a-t-elle été décidée en 1827? Conseil privé de Londres
0%
Quel est le nom du processus qui permet de retirer la présence religieuse des institutions sociales? Déconfessionnalisation
0%
Sur quel enjeu porte la crise de Saint-Léonard en 1969? Langue d'enseigement
0%
Quel est le nom du mouvement prônant paix, amour et non‑violence? Mouvement Hippie
0%
Quel est le nom du spectacle très populaire dans les années 1968-69 ralliant chansons, théâtre et humour? Osstidcho
0%
Comment Terre-Neuve s'est-elle jointe au Canada en tant que province en 1949? Référendums
0%
Aucun quiz correspondant
Distribution des résultats
% des personnes avec chaque résultat
Percentile par nombre de réponses
Votre historique - résultats
Vous n’avez pas pris ce quiz